Alle Sieger des Eurovision Song Contest (ESC) 1956 - 2024 - Statistiken

Allgemein
  • Dieses Quiz wurde 247 mal gespielt
  • Das Durchschnittsergebnis liegt bei 24 aus 68
Antwortstatistiken
Jahr 🚩 Song Sänger/-in | Band % Korrekt
2010 🇩🇪 🎶 Satellite Lena
94%
2012 🇸🇪 🎶 Euphoria Loreen
88%
2023 🇸🇪 🎶 Tattoo Loreen
88%
2014 🇦🇹 🎶 Rise Like a Phoenix Conchita Wurst
87%
1974 🇸🇪 🎶 Waterloo ABBA
86%
2024 🇨🇭 🎶 The Code Nemo
85%
2009 🇳🇴 🎶 Fairytale Alexander Rybak
76%
1982 🇩🇪 🎶 Ein bisschen Frieden Nicole
76%
2006 🇫🇮 🎶 Hard Rock Hallelujah Lordi
75%
2021 🇮🇹 🎶 Zitti e buoni Maneskin
75%
2018 🇮🇱 🎶 Toy Netta
66%
2015 🇸🇪 🎶 Heroes Mans Zelmerlöw
62%
1988 🇨🇭 🎶 Ne partez pas sans moi Céline Dion
60%
2019 🇳🇱 🎶 Arcade Duncan Laurence
59%
1966 🇦🇹 🎶 Merci Cherié Udo Jürgens
58%
1980 🇮🇪 🎶 What's Another Year Johnny Logan
55%
1987 🇮🇪 🎶 Hold Me Now Johnny Logan
55%
2013 🇩🇰 🎶 Only Teardrops Emmelie de Forest
54%
2022 🇺🇦 🎶 Stefania Kalush Orchestra
53%
2016 🇺🇦 🎶 1944 Jamala
47%
2000 🇩🇰 🎶 Fly on the Wings of Love Olsen Brothers
47%
2004 🇺🇦 🎶 Wild Dances Ruslana
46%
2011 🇦🇿 🎶 Running Scared Ell & Nikki
44%
2017 🇵🇹 🎶 Amar pelos dois Salvador Sobral
41%
1970 🇮🇪 🎶 All Kinds of Everything Dana
39%
2005 🇬🇷 🎶 My Number One Elena Paparizou
39%
1956 🇨🇭 🎶 Refrain Lys Assia
37%
1998 🇮🇱 🎶 Diva Dana International
35%
1997 🇬🇧 🎶 Love Shine a Light Katrina & the Waves
34%
2008 🇷🇺 🎶 Believe Dima Bilan
32%
1972 🇱🇺 🎶 Aprés toi Vicky Leandros
32%
1965 🇱🇺 🎶 Poupeé de cire, poupeé de son France Gall
30%
2003 🇹🇷 🎶 Everywhere That I Can Sertab Erener
26%
1976 🇬🇧 🎶 Save Your Kisses For Me Brotherhood of Man
24%
1986 🇧🇪 🎶 J'aime la vie Sandra Kim
24%
1999 🇸🇪 🎶 Take Me to Your Heaven Charlotte Nilsson
23%
2007 🇷🇸 🎶 Molitva Marija Serifovic
23%
1981 🇬🇧 🎶 Making Your Mind Up Bucks Fizz
22%
1990 🇮🇹 🎶 Insieme: 1992 Toto Cutugno
22%
1991 🇸🇪 🎶 Fangad av en stormvind Carola
21%
2002 🇱🇻 🎶 I Wanna Marie N
21%
1985 🇳🇴 🎶 La set swinge Bobbysocks!
20%
1992 🇮🇪 🎶 Why Me Linda Martin
20%
1995 🇳🇴 🎶 Nocturne Secret Garden
19%
1967 🇬🇧 🎶 Puppet on a String Sandie Shaw
18%
1973 🇱🇺 🎶 Tu te reconnaitras Anne - Marie David
17%
1993 🇮🇪 🎶 In Your Eyes Niamh Kavanagh
17%
1979 🇮🇱 🎶 Hallelujah Milk & Honey
16%
1975 🇳🇱 🎶 Ding - a - Dong Teach - In
16%
1994 🇮🇪 🎶 Rock 'n' Roll Kids Paul Harrington | Charlie McGettigan
15%
1989 FVRJ 🎶 Rock Me Riva
15%
1969 🇪🇸🇫🇷 🇳🇱 🇬🇧 🎶 Vivo cantando🎶 Un jour, un enfant 🎶 De troubadour 🎶 Boom Bang-a-Bang Salomé | Frida Boccara | Lulu
15%
1968 🇪🇸 🎶 La, la, la ... Massiel
14%
2001 🇪🇪 🎶 Everybody Tanel Padar | Dave Benton | 2XL
14%
1983 🇱🇺 🎶 Si la vie est cadeau Corinne Hermés
13%
1957 🇳🇱 🎶 Net als toen Corry Brokken
13%
1996 🇮🇪 🎶 The Voice Eimear Quinn
13%
1971 🇲🇨 🎶 Un banc, un arbre, une rue Séverine
13%
1984 🇸🇪 🎶 Diggi - lo Diggy - ley Herreys
12%
1978 🇮🇱 🎶 A-ba-ni-bi Izhar Cohen & the Alphabeta
12%
1958 🇫🇷 🎶 Dors mon amour André Claveau
10%
1977 🇫🇷 🎶 L'oiseau et l'enfant Marie Myriam
10%
1964 🇮🇹 🎶 Non ho l'eta Gigliola Cinquetti
9%
1961 🇱🇺 🎶 Nous les amoureux Jean - Claude Pascal
9%
1959 🇳🇱 🎶 Een beetje Teddy Scholten
9%
1963 🇩🇰 🎶 Dansevise Grethe Ingmann | Jorgen Ingmann
6%
1962 🇫🇷 🎶 Un premier amour Isabelle Aubret
6%
1960 🇫🇷 🎶 Tom Pillibi Jacqueline Boyer
6%
Keine übereinstimmenden Quizze gefunden
Verteilung der Resultate
Anzahl Personen mit jedem Resultat
Perzentil nach korrekt beantworteten Fragen
Ihre Resultats-Entwicklung
Sie haben dieses Quiz noch nicht gespielt